00626nam a2200205Ia 4500003000900000008004100009040001300050040001300063041000800076100002000084245002600104250002300130260002100153260000900174300001100183300001000194490001800204490000700222600019100229IT-RoPAU120407s9999 xx 000 0 und d aIT-RoPAU cIT-RoPAU aita aJosé de Vinck aLa virtù del sesso. aFrancavilla a Mare aEdizioni Paoline c1969 a267 p. c19 cm aAmore e sesso v16 a"Tit. orig.: The virtue of the sex. Trad. M.R. Schirano. 1. Sesso, concezione cristiana I - Schirano, Maria Rosaria 241 BNI 70-1293"